|
|
|
|
| LEADER |
01366nam a2200313 i 4500 |
| 001 |
30712 |
| 003 |
BD-DhAAL |
| 005 |
20151220170757.0 |
| 008 |
151214t20142013xna b 001 0 eng d |
| 010 |
|
|
|a 2013432207
|
| 020 |
|
|
|a 9780409332780 (paperback)
|
| 020 |
|
|
|a 040933278X (paperback)
|
| 040 |
|
|
|a AU@
|b eng
|c AU@
|e rda
|d CDX
|d LTSCA
|d OCLCF
|d DLC
|d BD-DhAAL
|
| 042 |
|
|
|a anuc
|a lccopycat
|
| 050 |
0 |
0 |
|a KZ3410
|b .I85 2014
|
| 082 |
0 |
4 |
|a 341
|2 23
|
| 100 |
1 |
|
|a Islam, M. Rafiqul,
|d 1951-
|e author.
|9 15549
|
| 245 |
1 |
0 |
|a International law :
|b current concepts and future directions /
|c M Rafiqul Islam.
|
| 260 |
|
|
|a Chatswood, NSW :
|b LexisNexis Butterworths,
|c 2014.
|
| 300 |
|
|
|a xxxvii, 784 pages ;
|c 25 cm
|
| 504 |
|
|
|a Includes bibliographical references and index.
|
| 526 |
|
|
|a SOL
|
| 541 |
|
|
|e 30712
|
| 650 |
|
0 |
|a International law.
|9 15550
|
| 856 |
4 |
1 |
|3 Table of contents only
|u http://www.loc.gov/catdir/toc/fy14pdf04/2013432207.html
|
| 942 |
|
|
|2 ddc
|c BK
|
| 999 |
|
|
|c 35837
|d 35837
|
| 952 |
|
|
|0 0
|1 0
|2 ddc
|4 0
|6 341_000000000000000_ISL
|7 0
|9 57248
|a BRACUL
|b BRACUL
|c GEN
|d 2015-12-14
|e Trim Education
|g 10605.00
|l 10
|m 104
|o 341 ISL
|p 3010030712
|r 2025-04-13
|s 2025-04-13
|t 1
|w 2015-12-14
|y BK
|
| 952 |
|
|
|0 0
|1 0
|2 ddc
|4 0
|6 341_000000000000000_ISL
|7 0
|9 57249
|a BRACUL
|b BRACUL
|c GEN
|d 2015-12-14
|e Trim Education
|g 10605.00
|l 10
|m 92
|o 341 ISL
|p 3010030713
|r 2024-10-08
|s 2024-10-01
|t 2
|w 2015-12-14
|y BK
|